[Event "IV Vila de L'Ampolla op"]
[Site "L'Ampolla (Tarragona)"]
[Date "2008.06.08"]
[Round "1.1"]
[White "Orti Boix, Miquel Lluis"]
[Black "Moskalenko, Viktor"]
[Result "0-1"]
[WhiteElo "1890"]
[BlackElo "2572"]
[PlyCount "62"]
[EventDate "2008.06.08"]

1. e4 c5 2. c3 e6 3. d4 d5 4. e5 Qb6 5. a3 Nc6 6. Nf3 c4 7. Be2 Bd7 8. O-O Na5
9. Nbd2 Ne7 10. Rb1 Qc7 11. b4 cxb3 12. Bb2 Nc8 13. Ne1 Nb6 14. Nd3 Nbc4 15.
Nxc4 Nxc4 16. Qc1 Be7 17. Ra1 O-O 18. a4 Rfc8 19. f4 Nxb2 20. Qxb2 Qxc3 21.
Rfc1 Qxb2 22. Nxb2 Rxc1+ 23. Rxc1 Ba3 24. Rc7 Bxb2 25. Rxd7 Bxd4+ 26. Kf1 Rc8
27. Bd3 b6 28. Rxa7 b2 29. Ke2 g5 30. g3 Rc3 31. Bb1 Rc1 0-1

[Event "IV Vila de L'Ampolla op"]
[Site "L'Ampolla (Tarragona)"]
[Date "2008.06.08"]
[Round "2.1"]
[White "Moskalenko, Viktor"]
[Black "Ortoneda Mayoral, Emilio"]
[Result "1-0"]
[WhiteElo "2572"]
[BlackElo "2071"]
[PlyCount "41"]
[EventDate "2008.06.08"]

1. d4 Nf6 2. Bg5 e6 3. Nc3 d5 4. e4 dxe4 5. Nxe4 Be7 6. Bxf6 Bxf6 7. Nf3 O-O 8.
Qe2 c6 9. O-O-O Be7 10. h4 Nd7 11. Kb1 Qb6 12. g4 a5 13. g5 a4 14. c4 c5 15. d5
Re8 16. dxe6 Qxe6 17. Bh3 Qc6 18. Bxd7 Bxd7 19. Ne5 Bg4 20. Qxg4 Qa6 21. Qf5
1-0

[Event "IV Vila de L'Ampolla op"]
[Site "L'Ampolla (Tarragona)"]
[Date "2008.06.08"]
[Round "2.2"]
[White "Narciso Dublan, Marc"]
[Black "Mombiela De Sus, Jose Luis"]
[Result "1/2-1/2"]
[WhiteElo "2509"]
[BlackElo "2070"]
[PlyCount "127"]
[EventDate "2008.06.08"]

1. e4 e6 2. d4 c5 3. Nf3 cxd4 4. Nxd4 a6 5. Bd3 Qc7 6. O-O Nc6 7. Be3 Nf6 8.
Nd2 Nxd4 9. Bxd4 Bc5 10. c3 e5 11. Bxc5 Qxc5 12. Qc2 d6 13. Bc4 b5 14. Bb3 Bb7
15. Rfe1 O-O 16. Rad1 Rfd8 17. Nf3 h6 18. Nh4 Bc8 19. Rd2 a5 20. a4 bxa4 21.
Bxa4 Be6 22. Bb3 Bxb3 23. Qxb3 Rab8 24. Qa4 g6 25. Ra1 d5 26. exd5 Rxd5 27. Re2
Qd6 28. Nf3 e4 29. Nd4 Ng4 30. g3 f5 31. Qa3 Qd7 32. Qa2 Kh7 33. Rd1 Rd8 34.
Qb3 h5 35. Kg2 h4 36. Rde1 h3+ 37. Kg1 Nf6 38. Rd2 Ng4 39. Qd1 Ne5 40. Kh1 Nf3
41. Nxf3 Rxd2 42. Nxd2 Qxd2 43. Qxd2 Rxd2 44. Rb1 Rxf2 45. b4 axb4 46. cxb4 Rd2
47. b5 e3 48. Re1 Rd3 49. Kg1 Rb3 50. b6 g5 51. Rf1 Kg6 52. Re1 f4 53. gxf4
gxf4 54. Kf1 f3 55. b7 e2+ 56. Kf2 Rxb7 57. Kxf3 Rf7+ 58. Kg3 Re7 59. Kxh3 Kh6
60. Kg3 Kg6 61. Kf3 Kh6 62. Rxe2 Rf7+ 63. Kg3 Rg7+ 64. Kh3 1/2-1/2

[Event "IV Vila de L'Ampolla op"]
[Site "L'Ampolla (Tarragona)"]
[Date "2008.06.08"]
[Round "2.3"]
[White "Vinas Racionero, Josep"]
[Black "Barsov, Alexei"]
[Result "0-1"]
[WhiteElo "2070"]
[BlackElo "2480"]
[PlyCount "44"]
[EventDate "2008.06.08"]

1. d4 d5 2. c4 e6 3. Nc3 Bb4 4. Nf3 Ne7 5. Qc2 dxc4 6. e4 b5 7. a4 c6 8. axb5
cxb5 9. b3 Nbc6 10. Be3 cxb3 11. Qxb3 Rb8 12. Be2 a5 13. O-O O-O 14. Nxb5 Ba6
15. Qa4 Qb6 16. d5 Bxb5 17. Bxb6 Bxa4 18. Rxa4 exd5 19. exd5 Nxd5 20. Bd4 Nxd4
21. Nxd4 Nc3 22. Raa1 Rbd8 0-1

[Event "IV Vila de L'Ampolla op"]
[Site "L'Ampolla (Tarragona)"]
[Date "2008.06.08"]
[Round "2.4"]
[White "Munoz Pantoja, Miguel"]
[Black "Balada Reverte, Marc"]
[Result "1-0"]
[WhiteElo "2478"]
[BlackElo "2033"]
[PlyCount "55"]
[EventDate "2008.06.08"]

1. e4 e6 2. d4 d5 3. Nd2 Nf6 4. e5 Nfd7 5. Bd3 c5 6. c3 Nc6 7. Ne2 Qb6 8. Nf3
a5 9. O-O a4 10. Bc2 a3 11. b3 cxd4 12. cxd4 Be7 13. Be3 O-O 14. Rc1 Re8 15.
Ne1 Nb4 16. Bb1 Nf8 17. f4 g6 18. g4 Bd7 19. f5 exf5 20. gxf5 Bxf5 21. Bxf5
gxf5 22. Qd2 Nc6 23. Ng3 Ng6 24. Nxf5 Bf8 25. h4 Nd8 26. h5 Ne7 27. Nd6 Ne6 28.
Qg2+ 1-0

[Event "IV Vila de L'Ampolla op"]
[Site "L'Ampolla (Tarragona)"]
[Date "2008.06.08"]
[Round "2.5"]
[White "Ordobas Martinez, Vicens"]
[Black "Djuric, Stefan"]
[Result "0-1"]
[WhiteElo "2032"]
[BlackElo "2460"]
[PlyCount "43"]
[EventDate "2008.06.08"]

1. e4 c5 2. c3 g6 3. d4 cxd4 4. cxd4 d5 5. e5 Nc6 6. Nc3 a6 7. Be3 Nh6 8. f3
Nf5 9. Bf2 Bh6 10. a3 Be3 11. Bxe3 Nxe3 12. Qd2 Nxd4 13. Rd1 Nxd1 14. Qxd1 Nc6
15. Qxd5 Qb6 16. Qd2 Be6 17. f4 Rd8 18. Qc1 Nd4 19. Bd3 Nb3 20. Qc2 Qe3+ 21.
Be2 Nc5 22. Nd1 0-1

[Event "IV Vila de L'Ampolla op"]
[Site "L'Ampolla (Tarragona)"]
[Date "2008.06.08"]
[Round "3.1"]
[White "Lorenzo De La Riva, Lazaro"]
[Black "Moskalenko, Viktor"]
[Result "0-1"]
[WhiteElo "2366"]
[BlackElo "2572"]
[PlyCount "71"]
[EventDate "2008.06.08"]

1. e4 e6 2. d4 d5 3. e5 c5 4. c3 Qb6 5. Nf3 Nc6 6. Be2 Nh6 7. b3 cxd4 8. cxd4
Bb4+ 9. Kf1 Nf5 10. Bb2 O-O 11. g4 Nh6 12. h3 Bd7 13. Kg2 f6 14. a3 Be7 15.
Nbd2 fxe5 16. dxe5 a5 17. Bd3 Nf7 18. Qe2 Ng5 19. Nxg5 Bxg5 20. Nf3 Be7 21. Qc2
h6 22. Qd1 Bc5 23. Rf1 Ne7 24. a4 Be8 25. Bc1 Bg6 26. h4 Be4 27. Bxe4 dxe4 28.
Nd2 Qc6 29. Nc4 Ng6 30. h5 Nh4+ 31. Kg3 Nf3 32. Be3 Rad8 33. Qc2 Bd4 34. Bxd4
Nxd4 35. Qb2 Rf3+ 36. Kh2 0-1

[Event "IV Vila de L'Ampolla op"]
[Site "L'Ampolla (Tarragona)"]
[Date "2008.06.08"]
[Round "3.2"]
[White "Barsov, Alexei"]
[Black "Burgos Figueroa, Carlos E"]
[Result "1-0"]
[WhiteElo "2480"]
[BlackElo "2356"]
[PlyCount "83"]
[EventDate "2008.06.08"]

1. d4 Nf6 2. c4 c5 3. d5 b5 4. cxb5 a6 5. bxa6 g6 6. Nc3 d6 7. g3 Bg7 8. Bg2
O-O 9. Nf3 Bxa6 10. O-O Nbd7 11. Rb1 Qa5 12. Bd2 Nb6 13. Qc2 Nc4 14. Be1 Rfb8
15. a4 Qb6 16. Nd2 Nd7 17. Nxc4 Bxc4 18. Qe4 Ne5 19. Bd2 f5 20. Qh4 Qa6 21.
Qxe7 Re8 22. Qh4 Bxe2 23. Nxe2 Qxe2 24. Bc3 Nf3+ 25. Bxf3 Qxf3 26. Bxg7 Kxg7
27. Rfe1 Qxd5 28. Re7+ Rxe7 29. Qxe7+ Kg8 30. Re1 c4 31. h4 Rf8 32. h5 gxh5 33.
Qg5+ Kh8 34. Re7 Qd1+ 35. Kg2 Qd5+ 36. f3 Qg8 37. Qh6 Rf7 38. Qxd6 Rxe7 39.
Qxe7 Qd5 40. Qf8+ Qg8 41. Qxg8+ Kxg8 42. a5 1-0

[Event "IV Vila de L'Ampolla op"]
[Site "L'Ampolla (Tarragona)"]
[Date "2008.06.08"]
[Round "3.3"]
[White "Blanco, Cristobal"]
[Black "Munoz Pantoja, Miguel"]
[Result "0-1"]
[WhiteElo "2362"]
[BlackElo "2478"]
[PlyCount "124"]
[EventDate "2008.06.08"]

1. e4 d5 2. exd5 Qxd5 3. Nc3 Qa5 4. d4 Nf6 5. Nf3 Bg4 6. h3 Bh5 7. g4 Bg6 8.
Ne5 e6 9. Bg2 c6 10. O-O Nbd7 11. f4 O-O-O 12. Qe2 Bb4 13. Nc4 Qa6 14. a3 Be7
15. b4 Nb6 16. Nxb6+ Qxb6 17. Be3 Rxd4 18. Qf2 Rhd8 19. Na4 Qa6 20. Bxd4 Qxa4
21. c3 h5 22. f5 exf5 23. gxf5 Bh7 24. Qg3 Qb3 25. Rab1 Qa2 26. Rbe1 Bd6 27.
Qh4 Qxa3 28. Ra1 Qb2 29. Rxa7 Kb8 30. Rfa1 Kc7 31. R7a2 Qb3 32. Qf2 Re8 33.
Bb6+ Kd7 34. Rd2 Nd5 35. Bxd5 cxd5 36. Rad1 Re5 37. Qg2 Bxf5 38. Rxd5 Rxd5 39.
Qxd5 Qxd5 40. Rxd5 Ke6 41. Rb5 h4 42. Bd4 g5 43. Rb6 Kd5 44. Rxb7 Bxh3 45. Rb5+
Kc4 46. Rxg5 Bd7 47. Be5 Be7 48. Rg7 Be6 49. Rh7 h3 50. Kh2 Bg5 51. Rxh3 f6 52.
Bd4 Bxh3 53. Kxh3 f5 54. Kg3 Bd2 55. Kf3 Bg5 56. Be5 Bd2 57. Kg3 Bc1 58. Bf4
Bb2 59. Bd2 Kd3 60. Be1 Ke2 61. Bf2 Bxc3 62. b5 Be5+ 0-1

[Event "IV Vila de L'Ampolla op"]
[Site "L'Ampolla (Tarragona)"]
[Date "2008.06.08"]
[Round "3.4"]
[White "Djuric, Stefan"]
[Black "Garcia Trobat, Francisco"]
[Result "1-0"]
[WhiteElo "2460"]
[BlackElo "2288"]
[PlyCount "45"]
[EventDate "2008.06.08"]

1. e4 c5 2. Nf3 d6 3. Nc3 Nf6 4. e5 dxe5 5. Nxe5 Nbd7 6. Nc4 g6 7. Qe2 Bg7 8.
Nd6+ Kf8 9. Nxc8 Rxc8 10. g3 Rc6 11. Bh3 h5 12. O-O h4 13. Bg2 Re6 14. Qb5 hxg3
15. hxg3 Rb6 16. Qa5 Ne5 17. Na4 Nfg4 18. Nxb6 Nh2 19. Qxa7 Nxf1 20. Kxf1 Nc6
21. Qa8 Qxa8 22. Nxa8 Nd4 23. c3 1-0

[Event "IV Vila de L'Ampolla op"]
[Site "L'Ampolla (Tarragona)"]
[Date "2008.06.08"]
[Round "3.5"]
[White "Ryan, Joseph"]
[Black "Perez Mitjans, Orelvis"]
[Result "0-1"]
[WhiteElo "2327"]
[BlackElo "2438"]
[PlyCount "68"]
[EventDate "2008.06.08"]

1. e4 d5 2. exd5 Qxd5 3. Nf3 Bg4 4. Be2 Nc6 5. d4 O-O-O 6. c4 Qh5 7. Be3 Nf6 8.
Nc3 e5 9. d5 e4 10. Nd4 Ne5 11. O-O Bd6 12. h3 Bxe2 13. Ndxe2 Nxc4 14. Qd4 Qe5
15. Qxe5 Bxe5 16. Bg5 Rhe8 17. b3 Nb6 18. Bxf6 Bxf6 19. Rad1 Bxc3 20. Nxc3 Re5
21. Rd4 f5 22. Rfd1 a6 23. Kf1 Rd6 24. Ke2 Nd7 25. h4 Nf6 26. g3 h6 27. R4d2 g5
28. hxg5 hxg5 29. Rd4 f4 30. gxf4 gxf4 31. f3 exf3+ 32. Kf2 Re3 33. R1d3 Ng4+
34. Kf1 Rh6 0-1

[Event "IV Vila de L'Ampolla op"]
[Site "L'Ampolla (Tarragona)"]
[Date "2008.06.08"]
[Round "4.1"]
[White "Moskalenko, Viktor"]
[Black "Perez Mitjans, Orelvis"]
[Result "1-0"]
[WhiteElo "2572"]
[BlackElo "2438"]
[PlyCount "89"]
[EventDate "2008.06.08"]

1. d4 d5 2. c4 Nc6 3. Nc3 dxc4 4. Nf3 Nf6 5. Bg5 Bg4 6. d5 Na5 7. Qa4+ c6 8.
dxc6 Nxc6 9. Ne5 Bd7 10. Nxd7 Nxd7 11. Qxc4 Qa5 12. Bd2 Nde5 13. Qb5 Qxb5 14.
Nxb5 O-O-O 15. Rc1 a6 16. Na7+ Kb8 17. Nxc6+ Nxc6 18. e3 Ka7 19. Bc3 e5 20. Bc4
f6 21. a3 Bc5 22. Ke2 Bb6 23. Rhd1 Rxd1 24. Rxd1 Rd8 25. Rxd8 Bxd8 26. Kf3 Ne7
27. Ke4 Kb6 28. g4 a5 29. h4 Kc6 30. Bf7 b6 31. f4 exf4 32. exf4 Nc8 33. Kf5
Bc7 34. Ba2 Ne7+ 35. Ke6 Ng6 36. f5 Nxh4 37. g5 fxg5 38. Bxg7 g4 39. f6 Bd6 40.
Bd5+ Kc7 41. Be4 g3 42. f7 g2 43. Be5 Bxe5 44. f8=Q g1=Q 45. Qe7+ 1-0

[Event "IV Vila de L'Ampolla op"]
[Site "L'Ampolla (Tarragona)"]
[Date "2008.06.08"]
[Round "4.2"]
[White "Perpinya Rofes, Lluis Maria"]
[Black "Barsov, Alexei"]
[Result "0-1"]
[WhiteElo "2414"]
[BlackElo "2480"]
[PlyCount "58"]
[EventDate "2008.06.08"]

1. e4 e6 2. d4 d5 3. Nc3 Nc6 4. Nf3 Nf6 5. e5 Ne4 6. Bd3 Bb4 7. O-O Nxc3 8.
bxc3 Bxc3 9. Rb1 h6 10. Ba3 Ne7 11. Rb3 Ba5 12. h4 Bd7 13. Rxb7 Bb6 14. h5 Bc6
15. Ba6 O-O 16. Nh4 f6 17. Qg4 f5 18. Qf4 Rf7 19. Re1 Bxb7 20. Bxb7 Rb8 21. Ba6
Ba5 22. Rd1 Bb4 23. Bc1 c5 24. a3 Qa5 25. axb4 Qxa6 26. dxc5 Qe2 27. Qd2 Qxh5
28. Nf3 Nc6 29. Qd3 Rxb4 0-1

[Event "IV Vila de L'Ampolla op"]
[Site "L'Ampolla (Tarragona)"]
[Date "2008.06.08"]
[Round "4.3"]
[White "Munoz Pantoja, Miguel"]
[Black "Vehi Bach, Victor M"]
[Result "1/2-1/2"]
[WhiteElo "2478"]
[BlackElo "2381"]
[PlyCount "88"]
[EventDate "2008.06.08"]

1. e4 c5 2. Nf3 e6 3. d4 cxd4 4. Nxd4 Nc6 5. Nb5 d6 6. Bf4 e5 7. Be3 a6 8. N5c3
Nf6 9. Nd5 Nxd5 10. exd5 Ne7 11. c4 Nf5 12. Bd2 Be7 13. Bd3 O-O 14. O-O g6 15.
Nc3 Bg5 16. b4 b6 17. Qc1 Bxd2 18. Qxd2 Ra7 19. f4 Re7 20. Ne4 f6 21. c5 bxc5
22. bxc5 Kg7 23. c6 Qb6+ 24. Qf2 Qxf2+ 25. Rxf2 Ne3 26. Nxd6 Nxd5 27. fxe5 Rxe5
28. Rb1 Re6 29. Nxc8 Rxc8 30. Bc4 Re5 31. Bxd5 Rxd5 32. Rb7+ Kh6 33. Rxf6 Rc5
34. h3 R8xc6 35. Rff7 Kg5 36. Rxh7 Rc2 37. h4+ Kg4 38. Rb4+ Kg3 39. Rb3+ R6c3
40. Rxc3+ Rxc3 41. Kf1 Rc1+ 42. Ke2 Rc2+ 43. Ke3 Rxg2 44. Rh6 Rxa2 1/2-1/2

[Event "IV Vila de L'Ampolla op"]
[Site "L'Ampolla (Tarragona)"]
[Date "2008.06.08"]
[Round "4.4"]
[White "Pomes Marcet, Juan"]
[Black "Djuric, Stefan"]
[Result "0-1"]
[WhiteElo "2388"]
[BlackElo "2460"]
[PlyCount "104"]
[EventDate "2008.06.08"]

1. d4 Nf6 2. c4 g6 3. Nc3 Bg7 4. e4 O-O 5. Bd3 c5 6. d5 e6 7. Nge2 exd5 8. cxd5
Re8 9. O-O d6 10. Ng3 Ng4 11. h3 Ne5 12. Be2 a6 13. a4 Qh4 14. Be3 f5 15. exf5
gxf5 16. Qd2 Ng6 17. Nh5 Nd7 18. Nxg7 Kxg7 19. Bg5 Qd4 20. Bh6+ Kg8 21. Rad1
Qxd2 22. Rxd2 Nde5 23. Rdd1 b6 24. Bc1 Bd7 25. f4 Nf7 26. g4 fxg4 27. hxg4 Bxa4
28. Nxa4 Rxe2 29. Nxb6 Rb8 30. Nd7 Rb3 31. Nf6+ Kf8 32. Rf2 Re7 33. f5 Nh4 34.
Nxh7+ Ke8 35. g5 Ne5 36. g6 Nef3+ 37. Kh1 Nxf5 38. Ng5 Ng3+ 39. Kg2 Nh4+ 40.
Kh2 Nxg6 41. Rg1 Ne2 42. Re1 Nxc1 43. Rxc1 Ne5 44. Rg1 Rg7 45. Rf8+ Ke7 46. Rf2
a5 47. Rgg2 a4 48. Re2 Kd7 49. Ne6 Nf3+ 50. Kh1 Rh7+ 51. Rh2 Rxh2+ 52. Rxh2
Nxh2 0-1

[Event "IV Vila de L'Ampolla op"]
[Site "L'Ampolla (Tarragona)"]
[Date "2008.06.08"]
[Round "4.5"]
[White "Belles Garcia, Vicente"]
[Black "Pogorelov, Ruslan"]
[Result "0-1"]
[WhiteElo "2133"]
[BlackElo "2423"]
[PlyCount "68"]
[EventDate "2008.06.08"]

1. c4 Nf6 2. Nc3 e6 3. Nf3 Bb4 4. g3 O-O 5. Bg2 d5 6. O-O dxc4 7. e3 Nc6 8. Qe2
Qd3 9. Qxd3 cxd3 10. a3 Bxc3 11. dxc3 e5 12. b4 e4 13. Nd4 Ne5 14. f3 exf3 15.
Nxf3 Nxf3+ 16. Bxf3 Bh3 17. Rd1 Rad8 18. Bxb7 Bg4 19. Rd2 Bf5 20. c4 Be4 21.
Bxe4 Nxe4 22. Rd1 d2 23. Bb2 Rd3 24. Bd4 a6 25. b5 Ra8 26. a4 axb5 27. cxb5 Rb3
28. Kf1 Rb4 29. a5 Rxb5 30. a6 c5 31. Be5 f6 32. Bc7 Ra7 33. Ba5 Rxa6 34. Ke2
Raxa5 0-1

[Event "IV Vila de L'Ampolla op"]
[Site "L'Ampolla (Tarragona)"]
[Date "2008.06.08"]
[Round "5.1"]
[White "Barsov, Alexei"]
[Black "Moskalenko, Viktor"]
[Result "1/2-1/2"]
[WhiteElo "2480"]
[BlackElo "2572"]
[PlyCount "21"]
[EventDate "2008.06.08"]

1. d4 Nf6 2. Nf3 d5 3. c4 c6 4. cxd5 cxd5 5. Nc3 e6 6. e3 Be7 7. Bd3 O-O 8. O-O
b6 9. Ne5 Bb7 10. Bd2 Nbd7 11. Nxd7 1/2-1/2

[Event "IV Vila de L'Ampolla op"]
[Site "L'Ampolla (Tarragona)"]
[Date "2008.06.08"]
[Round "5.2"]
[White "Djuric, Stefan"]
[Black "Munoz Pantoja, Miguel"]
[Result "1/2-1/2"]
[WhiteElo "2460"]
[BlackElo "2478"]
[PlyCount "39"]
[EventDate "2008.06.08"]

1. Nf3 c5 2. c4 Nc6 3. Nc3 g6 4. g3 Bg7 5. Bg2 e6 6. O-O Nge7 7. e3 O-O 8. d4
cxd4 9. Nxd4 Nxd4 10. exd4 d5 11. cxd5 exd5 12. Bg5 Be6 13. Re1 Re8 14. Qd2 Qd7
15. Bxe7 Rxe7 16. Nxd5 Bxd5 17. Rxe7 Qxe7 18. Bxd5 Rd8 19. Re1 Qd7 20. Qd1
1/2-1/2

[Event "IV Vila de L'Ampolla op"]
[Site "L'Ampolla (Tarragona)"]
[Date "2008.06.08"]
[Round "5.3"]
[White "Vehi Bach, Victor M"]
[Black "Muratet Casadevall, Albert"]
[Result "1-0"]
[WhiteElo "2381"]
[BlackElo "2174"]
[PlyCount "89"]
[EventDate "2008.06.08"]

1. e4 c5 2. Nf3 d6 3. d4 cxd4 4. Nxd4 Nf6 5. Nc3 a6 6. Be3 e5 7. Nb3 Be6 8. f4
exf4 9. Bxf4 Nc6 10. Qe2 Bxb3 11. axb3 Be7 12. Nd5 O-O 13. O-O-O Nxd5 14. exd5
Nb4 15. c3 Qa5 16. cxb4 Qa1+ 17. Kd2 Qxb2+ 18. Ke1 Bh4+ 19. g3 Rfe8 20. Be3
Qc3+ 21. Kf2 Bg5 22. Rd3 Bxe3+ 23. Rxe3 Qd4 24. Qd3 Qb6 25. Bg2 Rxe3 26. Qxe3
Qxb4 27. Rc1 Qb5 28. Re1 g6 29. Qc3 Qd7 30. Qf6 Rf8 31. Bf3 Qc7 32. Re3 b5 33.
h4 Qc2+ 34. Be2 Qc5 35. Bf3 Re8 36. Qc3 Rxe3 37. Qxe3 Qxe3+ 38. Kxe3 a5 39. Kd2
a4 40. b4 Kg7 41. Be2 Kf6 42. Bxb5 Ke5 43. Bxa4 Kxd5 44. Bb3+ Kd4 45. Bxf7 1-0

[Event "IV Vila de L'Ampolla op"]
[Site "L'Ampolla (Tarragona)"]
[Date "2008.06.08"]
[Round "5.4"]
[White "Pogorelov, Ruslan"]
[Black "Komljenovic, Davorin"]
[Result "0-1"]
[WhiteElo "2423"]
[BlackElo "2462"]
[PlyCount "84"]
[EventDate "2008.06.08"]

1. Nf3 c5 2. c4 b6 3. g3 Bb7 4. Bg2 Nf6 5. O-O e6 6. Nc3 Be7 7. Re1 d6 8. e4 a6
9. d4 cxd4 10. Nxd4 Qc7 11. Be3 O-O 12. Rc1 Nbd7 13. f4 Rfe8 14. g4 Nf8 15. g5
N6d7 16. Nd5 exd5 17. cxd5 Qb8 18. Nc6 Bxc6 19. dxc6 Nc5 20. c7 Qxc7 21. b4
Rab8 22. Qe2 Nfe6 23. bxc5 dxc5 24. Qg4 Rbd8 25. f5 Nd4 26. f6 Bf8 27. Bf4 Bd6
28. Bxd6 Qxd6 29. Rc3 g6 30. h4 Qe6 31. Qg3 Qe5 32. Qf2 Ne2+ 33. Qxe2 Qxc3 34.
h5 Rd2 35. Qf1 Qg3 36. Rb1 Qe3+ 37. Kh1 Qxg5 38. hxg6 hxg6 39. Qf3 Rxg2 40.
Qxg2 Qxf6 41. Qg4 b5 42. Rd1 Qe6 0-1

[Event "IV Vila de L'Ampolla op"]
[Site "L'Ampolla (Tarragona)"]
[Date "2008.06.08"]
[Round "5.5"]
[White "Narciso Dublan, Marc"]
[Black "Garcia Trobat, Francisco"]
[Result "1/2-1/2"]
[WhiteElo "2509"]
[BlackElo "2288"]
[PlyCount "80"]
[EventDate "2008.06.08"]

1. d4 Nf6 2. c4 e6 3. Nc3 Bb4 4. Qc2 b6 5. e4 c5 6. e5 cxd4 7. a3 Bf8 8. Nb5
Ng8 9. Nf3 Bb7 10. Bg5 f6 11. exf6 gxf6 12. Bh4 Bxf3 13. gxf3 Nc6 14. O-O-O e5
15. Bd3 a6 16. Nc3 dxc3 17. Bxh7 Qe7 18. Bg6+ Kd8 19. Qe4 cxb2+ 20. Kc2 Rxh4
21. Qxh4 Qxa3 22. Qe4 Qa2 23. Rb1 Nd4+ 24. Kd2 Bh6+ 25. Ke1 Rc8 26. Kf1 Qxc4+
27. Kg2 d5 28. Qh4 Qe2 29. Qh5 Rc3 30. Rhd1 Rxf3 31. Rf1 Be3 32. Qh4 Ne7 33.
Bh5 Nef5 34. Qg4 Rxf2+ 35. Rxf2 Qxf2+ 36. Kh1 Ne7 37. Qg7 Qf5 38. Qf8+ Kd7 39.
Qe8+ Kc7 40. Qxe7+ Kb8 1/2-1/2

[Event "IV Vila de L'Ampolla op"]
[Site "L'Ampolla (Tarragona)"]
[Date "2008.06.08"]
[Round "6.1"]
[White "Moskalenko, Viktor"]
[Black "Djuric, Stefan"]
[Result "0-1"]
[WhiteElo "2572"]
[BlackElo "2460"]
[PlyCount "82"]
[EventDate "2008.06.08"]

1. d4 Nf6 2. c4 g6 3. Nc3 d5 4. cxd5 Nxd5 5. Bd2 Nb6 6. Nf3 Bg7 7. Bf4 O-O 8.
e3 Bg4 9. Be2 N8d7 10. a4 c6 11. a5 Bxf3 12. Bxf3 Nc4 13. a6 bxa6 14. Bxc6 e5
15. dxe5 Ndxe5 16. Bxe5 Bxe5 17. Bxa8 Qxa8 18. O-O Nxb2 19. Qc2 Rc8 20. Ra3 Nc4
21. Rb3 a5 22. Qd3 Nb6 23. f4 Bg7 24. Nb5 a4 25. Rbb1 Rd8 26. Qe2 Qe4 27. Rfd1
Re8 28. Qd3 Qxe3+ 29. Qxe3 Rxe3 30. Nxa7 Rb3 31. Nb5 Bb2 32. Nd6 a3 33. Ra1
Bxa1 34. Rxa1 Kf8 35. h4 Ke7 36. Ne4 Nc4 37. Kf2 f5 38. Nc5 Rb2+ 39. Kg3 a2 40.
Nd3 Rb3 41. Rxa2 Rxd3+ 0-1

[Event "IV Vila de L'Ampolla op"]
[Site "L'Ampolla (Tarragona)"]
[Date "2008.06.08"]
[Round "6.2"]
[White "Vehi Bach, Victor M"]
[Black "Barsov, Alexei"]
[Result "0-1"]
[WhiteElo "2381"]
[BlackElo "2480"]
[PlyCount "82"]
[EventDate "2008.06.08"]

1. e4 e6 2. d4 d5 3. Nc3 Nc6 4. Nf3 Nf6 5. Bd3 Nb4 6. Bg5 dxe4 7. Nxe4 Be7 8.
Nxf6+ gxf6 9. Be3 Nxd3+ 10. Qxd3 Qd5 11. c4 Qa5+ 12. Bd2 Qh5 13. Bf4 Bb4+ 14.
Ke2 Bd7 15. Bxc7 Rc8 16. Bg3 Rxc4 17. Rhc1 Rxc1 18. Rxc1 Bb5 19. Rc8+ Ke7 20.
Rxh8 Bxd3+ 21. Kxd3 Qg6+ 22. Ke3 Qc2 23. Rb8 Qc6 24. Nd2 Bxd2+ 25. Kxd2 Qxg2
26. Rc8 Qd5 27. Rc7+ Kf8 28. Kc3 Kg7 29. a3 Kg6 30. Rc5 Qf3+ 31. Kc2 h5 32. Rc3
Qe4+ 33. Kb3 Qxd4 34. h4 Qd5+ 35. Kc2 e5 36. Rd3 Qc4+ 37. Kd2 a5 38. b3 Qc5 39.
a4 f5 40. Rc3 Qd4+ 41. Rd3 Qb4+ 0-1

[Event "IV Vila de L'Ampolla op"]
[Site "L'Ampolla (Tarragona)"]
[Date "2008.06.08"]
[Round "6.3"]
[White "Munoz Pantoja, Miguel"]
[Black "Burgos Figueroa, Carlos E"]
[Result "1-0"]
[WhiteElo "2478"]
[BlackElo "2356"]
[PlyCount "59"]
[EventDate "2008.06.08"]

1. e4 c5 2. g3 Nc6 3. Bg2 g6 4. Ne2 Bg7 5. c3 e5 6. d3 Nge7 7. Be3 d6 8. O-O
O-O 9. f4 f5 10. Nd2 Be6 11. Nf3 h6 12. fxe5 Nxe5 13. Nxe5 dxe5 14. Bxc5 Qc7
15. Be3 Rad8 16. Qc2 g5 17. exf5 Nxf5 18. Bf2 b6 19. a4 Nd4 20. Nxd4 exd4 21.
c4 Qc8 22. Qb3 Rf7 23. a5 bxa5 24. Rxa5 Bh3 25. c5 Bxg2 26. Kxg2 Rdf8 27. Rxa7
Qc6+ 28. Kg1 Qxc5 29. Rxf7 Rxf7 30. Qxf7+ 1-0

[Event "IV Vila de L'Ampolla op"]
[Site "L'Ampolla (Tarragona)"]
[Date "2008.06.08"]
[Round "6.4"]
[White "Komljenovic, Davorin"]
[Black "Blanco, Cristobal"]
[Result "1-0"]
[WhiteElo "2462"]
[BlackElo "2362"]
[PlyCount "51"]
[EventDate "2008.06.08"]

1. d4 d5 2. c4 c6 3. Nf3 Nf6 4. Nc3 dxc4 5. a4 Bf5 6. e3 e6 7. Bxc4 Bb4 8. O-O
Nbd7 9. Nh4 Bg4 10. f3 Bh5 11. g4 Bg6 12. Nxg6 hxg6 13. e4 e5 14. Bxf7+ Kf8 15.
Ba2 exd4 16. Ne2 Qb6 17. Nf4 Ne5 18. Qb3 d3+ 19. Kg2 Qa5 20. Nxg6+ Ke8 21. Qe6+
Kd8 22. Qxe5 d2 23. Qxa5+ Bxa5 24. Bxd2 Bxd2 25. Nxh8 Kc7 26. Ng6 1-0

[Event "IV Vila de L'Ampolla op"]
[Site "L'Ampolla (Tarragona)"]
[Date "2008.06.08"]
[Round "6.5"]
[White "Vinas Racionero, Josep"]
[Black "Perez Mitjans, Orelvis"]
[Result "0-1"]
[WhiteElo "2070"]
[BlackElo "2438"]
[PlyCount "34"]
[EventDate "2008.06.08"]

1. d4 d5 2. c4 Nc6 3. e3 e5 4. cxd5 Qxd5 5. Nc3 Bb4 6. Nf3 Bg4 7. Be2 exd4 8.
Nxd4 Qxg2 9. Bxg4 Qxh1+ 10. Ke2 Qxd1+ 11. Kxd1 Nxd4 12. exd4 Nf6 13. Bf3 O-O-O
14. Be3 Bc5 15. Nb5 a6 16. Rc1 Bb6 17. d5 Nxd5 0-1

[Event "IV Vila de L'Ampolla op"]
[Site "L'Ampolla (Tarragona)"]
[Date "2008.06.08"]
[Round "7.1"]
[White "Barsov, Alexei"]
[Black "Djuric, Stefan"]
[Result "1/2-1/2"]
[WhiteElo "2480"]
[BlackElo "2460"]
[PlyCount "38"]
[EventDate "2008.06.08"]

1. d4 Nf6 2. c4 g6 3. Nf3 Bg7 4. g3 d5 5. cxd5 Nxd5 6. Bg2 O-O 7. O-O Nc6 8.
Nc3 Nb6 9. d5 Na5 10. Qc2 c6 11. dxc6 Nxc6 12. Rd1 Bd7 13. Be3 Qc8 14. Bxb6
axb6 15. Nd5 Qd8 16. Nxb6 Qxb6 17. Rxd7 Qxb2 18. Qxb2 Bxb2 19. Rb1 Rxa2 1/2-1/2

[Event "IV Vila de L'Ampolla op"]
[Site "L'Ampolla (Tarragona)"]
[Date "2008.06.08"]
[Round "7.2"]
[White "Perez Mitjans, Orelvis"]
[Black "Munoz Pantoja, Miguel"]
[Result "1-0"]
[WhiteElo "2438"]
[BlackElo "2478"]
[PlyCount "97"]
[EventDate "2008.06.08"]

1. e4 c5 2. Nf3 Nc6 3. Bb5 Nf6 4. e5 Nd5 5. O-O Nc7 6. Bxc6 dxc6 7. h3 Bf5 8.
d3 e6 9. Nc3 Be7 10. a4 b6 11. b3 O-O 12. Qe2 Bg6 13. Nd2 Nd5 14. Bb2 Nb4 15.
Nc4 Qd7 16. Rac1 b5 17. Nd2 Rad8 18. Nde4 f5 19. exf6 gxf6 20. Rfe1 e5 21. Qe3
Na6 22. Ra1 b4 23. Nb1 Qd5 24. Ned2 Bd6 25. Nc4 Bb8 26. Nbd2 Nc7 27. Ne4 Ne6
28. h4 Nd4 29. Bxd4 cxd4 30. Qh6 Qf7 31. Ng3 Qg7 32. Qd2 f5 33. h5 Be8 34. h6
Qf6 35. Qe2 Rd5 36. Qf3 Qxh6 37. Nxf5 Qg5 38. g4 h5 39. Re4 c5 40. Qg2 Bc6 41.
f4 exf4 42. Ne7+ Kh8 43. Nxc6 hxg4 44. Nxb8 g3 45. Qh3+ Kg7 46. Rae1 Rdf5 47.
Nd6 R5f7 48. Nxf7 Rxf7 49. Re8 1-0